000 00327nam a2200133Ia 4500
005 20251222153651.0
008 251222s9999||||xx |||||||||||||| ||spa||
082 _a305.235.09/C534
100 _aChávez Granadino, Jorge
245 0 _a¿Los Jóvenes a la Obra?
250 _a1ra. ed.
264 _bAgenda: Perú
942 _cLIB
999 _c33125
_d33125